<?xml version="1.0" encoding="UTF-8"?>
<record
    xmlns:xsi="http://www.w3.org/2001/XMLSchema-instance"
    xsi:schemaLocation="http://www.loc.gov/MARC21/slim http://www.loc.gov/standards/marcxml/schema/MARC21slim.xsd"
    xmlns="http://www.loc.gov/MARC21/slim">

  <leader>01039nam a2200241   4500</leader>
  <controlfield tag="001">76671</controlfield>
  <controlfield tag="003">BD-RjUL</controlfield>
  <controlfield tag="005">20211209082854.0</controlfield>
  <controlfield tag="008">191231s2001    bg ||||| |||| 00| 0 ben d</controlfield>
  <datafield tag="020" ind1=" " ind2=" ">
    <subfield code="c">: TK 112.00 (V-1: 12th Printing, 2001)</subfield>
  </datafield>
  <datafield tag="035" ind1=" " ind2=" ">
    <subfield code="a">(BD-RjUL)76895</subfield>
  </datafield>
  <datafield tag="040" ind1=" " ind2=" ">
    <subfield code="a">BD-RjUL</subfield>
    <subfield code="b">ben </subfield>
    <subfield code="c">BD-RjUL</subfield>
  </datafield>
  <datafield tag="041" ind1=" " ind2=" ">
    <subfield code="a">ben </subfield>
  </datafield>
  <datafield tag="082" ind1=" " ind2=" ">
    <subfield code="2">23 </subfield>
    <subfield code="a">297.12516</subfield>
    <subfield code="b">AJM V-1 2001</subfield>
  </datafield>
  <datafield tag="100" ind1="1" ind2=" ">
    <subfield code="a">&#x986;'&#x99C;&#x9AE;&#x9C0;, &#x9A8;&#x9C2;&#x9B0; &#x9AE;&#x9CB;&#x9B9;&#x9BE;&#x9AE;&#x9CD;&#x9AE;&#x9A6; </subfield>
    <subfield code="9">237247</subfield>
  </datafield>
  <datafield tag="245" ind1="1" ind2="0">
    <subfield code="a"> &#x9AE;&#x9C7;&#x9B6;&#x995;&#x9BE;&#x9A4; &#x9B6;&#x9B0;&#x9C0;&#x9AB; :</subfield>
    <subfield code="b">&#x9AC;&#x999;&#x9CD;&#x997;&#x9BE;&#x9A8;&#x9C1;&#x9AC;&#x9BE;&#x9A6; &#x993; &#x9AC;&#x9CD;&#x9AF;&#x9BE;&#x996;&#x9CD;&#x9AF;&#x9BE;&#x9B8;&#x9B9; /</subfield>
    <subfield code="c">&#x9A8;&#x9C2;&#x9B0; &#x9AE;&#x9CB;&#x9B9;&#x9BE;&#x9AE;&#x9CD;&#x9AE;&#x9A6; &#x986;'&#x99C;&#x9AE;&#x9C0; </subfield>
  </datafield>
  <datafield tag="260" ind1=" " ind2=" ">
    <subfield code="a">&#x9A2;&#x9BE;&#x995;&#x9BE; :</subfield>
    <subfield code="b">&#x98F;&#x9AE;&#x9A6;&#x9BE;&#x9A6;&#x9BF;&#x9AF;&#x9BC;&#x9BE; &#x9B2;&#x9BE;&#x987;&#x9AC;&#x9CD;&#x9B0;&#x9C7;&#x9B0;&#x9C0;, </subfield>
    <subfield code="c">&#x9E8;&#x9E6;&#x9E6;&#x9E7; [&#x9E7;&#x9E8;&#x9B6; &#x9AE;&#x9C1;&#x9A6;&#x9CD;&#x9B0;&#x9A3;]</subfield>
  </datafield>
  <datafield tag="300" ind1=" " ind2=" ">
    <subfield code="a"> &#x996;&#x9A3;&#x9CD;&#x9A1; ; </subfield>
    <subfield code="c">&#x9E8;&#x9E8; &#x9B8;&#x9C7;&#x9AE;&#x9BF;.  </subfield>
  </datafield>
  <datafield tag="505" ind1="0" ind2=" ">
    <subfield code="a">&#x996;&#x9A3;&#x9CD;&#x9A1; &#x9E7; -- </subfield>
  </datafield>
  <datafield tag="650" ind1=" " ind2=" ">
    <subfield code="a">&#x9B9;&#x9BE;&#x9A6;&#x9C0;&#x9B8; </subfield>
    <subfield code="x">&#x9AC;&#x999;&#x9CD;&#x997;&#x9BE;&#x9A8;&#x9C1;&#x9AC;&#x9BE;&#x9A6; &#x993; &#x9AC;&#x9CD;&#x9AF;&#x9BE;&#x996;&#x9CD;&#x9AF;&#x9BE;</subfield>
    <subfield code="9">237234</subfield>
  </datafield>
  <datafield tag="650" ind1=" " ind2=" ">
    <subfield code="a">Hadith </subfield>
    <subfield code="x">Bengali Translation and Interpretation</subfield>
    <subfield code="9">237235</subfield>
  </datafield>
  <datafield tag="942" ind1=" " ind2=" ">
    <subfield code="2">ddc</subfield>
    <subfield code="c">BK</subfield>
  </datafield>
  <datafield tag="999" ind1=" " ind2=" ">
    <subfield code="c">76671</subfield>
    <subfield code="d">76671</subfield>
  </datafield>
  <datafield tag="952" ind1=" " ind2=" ">
    <subfield code="0">0</subfield>
    <subfield code="1">0</subfield>
    <subfield code="2">ddc</subfield>
    <subfield code="4">0</subfield>
    <subfield code="7">0</subfield>
    <subfield code="8">NFIC</subfield>
    <subfield code="a">RUCL</subfield>
    <subfield code="b">RUCL</subfield>
    <subfield code="c">Stack</subfield>
    <subfield code="d">2007-11-26</subfield>
    <subfield code="e">The Author</subfield>
    <subfield code="g">112.00</subfield>
    <subfield code="l">0</subfield>
    <subfield code="o">B 297.12516 AJM V-1 2001</subfield>
    <subfield code="r">2019-12-31 00:00:00</subfield>
    <subfield code="t">C-2</subfield>
    <subfield code="w">2019-12-31</subfield>
    <subfield code="y">BK</subfield>
  </datafield>
</record>
